Structure and identification of Malayan woods (Record no. 47922)

MARC details
000 -LEADER
fixed length control field 00310nam a2200121Ia 4500
100 ## - MAIN ENTRY--AUTHOR NAME
Personal name Menon P K B
245 #0 - TITLE STATEMENT
Title Structure and identification of Malayan woods
260 ## - PUBLICATION, DISTRIBUTION, ETC. (IMPRINT)
Name of publisher Malayan Forest REcords
Year of publication 2004
300 ## - PHYSICAL DESCRIPTION
Number of Pages 123
500 ## - GENERAL NOTE
General note CAB CD 2005
942 ## - ADDED ENTRY ELEMENTS (KOHA)
Koha item type Bibliography RLWO
Holdings
Withdrawn status Lost status Damaged status Not for loan Home library Current library Date acquired Serial Enumeration / chronology Koha item type
      Bibliography RRII Library RRII Library 31/12/2021 Volume 25, Issue Bibliography RLWO